|
|
|
|
| LEADER |
00764pam a22002178a 4500 |
| 001 |
00019722 |
| 005 |
20171026081022.0 |
| 008 |
110507s1992 ||||||Viesd |
| 041 |
0 |
# |
|a Vie
|
| 082 |
1 |
4 |
|a 895.922 33
|b K200T
|
| 110 |
1 |
# |
|a Nhiều tác giả
|
| 245 |
0 |
0 |
|a Kẻ tử thù của tôi
|c Nhiều tác giả
|
| 260 |
# |
# |
|a Đồng Tháp
|b Văn học Đồng Tháp
|c 1992
|
| 300 |
# |
# |
|a 152 tr.
|c 19 cm.
|
| 650 |
# |
4 |
|a Văn học hiện đại
|
| 653 |
# |
# |
|a Việt Nam
|
| 852 |
# |
# |
|b Kho mượn
|j KM.0007724, KM.0007725, KM.0009236
|
| 852 |
# |
# |
|b Kho đọc
|j KD.0004950
|
| 852 |
# |
# |
|j KD.0004950
|j KM.0007725
|j KM.0009236
|j KM.0007724
|
| 910 |
|
|
|d 07/05/2011
|
| 980 |
# |
# |
|a Trung tâm Học liệu Lê Vũ Hùng, Trường Đại học Đồng Tháp
|